01009 2200181 4500245007200000020002200072250001100094100002200105700001800127650002200145005001900167260004100186041001400227084001000241300002300251500054400274336000900818 aKepalaku Ditembak Hanya untuk Bisa SekolahcHendri F. IsnaenihText a978-602-18351-9-7 aCet. 1 aHendri F. Isnaeni aMiswari Usman aBiografi Pendidik a20230927074213 aJakartabUfuk Publishing Housec2013 aIndonesia a923.7 a100 hlm. :c22 cm. aIni kisah nyata. Dunia geger karena penembakan gadis kecil bernama Malala itu. Ia ditembak hanya karena ingin tetap sekolah. Tanpa rasa takut, gadis 11 tahun itu menantang penguasa di daerahnya yang melarang perempuan mengenyam pendidikan. Karena keberaniannya, gadis ini masuk nominasi Nobel Prize 2012 dan nominasi Person of the Year 2012 Majalah Time. Siapa sebenarnya gadis kecil pemberani ini? Bagaimana sepak terjangnya melawan penguasa bersenjata di daerahnya? Apa yang membuatnya berani seperti itu?Temukan kisahnya dalam buku ini. atext